000 00904nam a2200229 a 4500
001 55076
003 BD-RjUL
005 20211209080218.0
008 161114s1990 bg ||||| |||| 00| 0 ben d
020 _c: TK 40.00
035 _a(BD-RjUL)55198
040 _aBD-RjUL
_bben
_cBD-RjUL
041 _aben
082 _223
_a378.1
_bFAB 1990
100 _a ফজল, তারেক বিন
_9164187
245 1 0 _aবিশ্ববিদ্যালয় অধ্যাদেশ' ৭৩ শিক্ষকদের ভাবনা /
_cতারেক বিন ফজল
260 _aঢাকা :
_bমুস্তাফিজুর রহমান,
_c১৯৯০
300 _a৯৫ পৃ. ;
_c২১ সেমি .
650 _aউচ্চ শিক্ষার প্রতিষ্ঠান
_9164188
650 _aOrganization in higher education
_9164189
942 _2ddc
_cBK
999 _c55076
_d55076